<?xml version="1.0" encoding="UTF-8"?>
<marc:record xmlns:marc="http://www.loc.gov/MARC21/slim">
   <marc:leader>00000nam a2200000 a 4500</marc:leader>
   <marc:datafield ind1="0" ind2="0" tag="245">
      <marc:subfield code="a">Vier Minuten</marc:subfield>
   </marc:datafield>
   <marc:datafield ind1=" " ind2="1" tag="264">
      <marc:subfield code="c">2007</marc:subfield>
   </marc:datafield>
   <marc:datafield ind1="1" ind2=" " tag="520">
      <marc:subfield code="a">Die über 80-jährige Traude Krüger (Monica Bleibtreu) ist eine al eingesessene Klavierlehrerin in einem Frauengefängnis. Sie hat dort nicht nur mit ihren Schülerinnen zu kämpfen, sondern auch mit der Gefängnisleitung, die den Sinn der Klavierstunden nicht wirklich nachvollziehen kann. Zu allem Überfluss ist ihre neue Schülerin, die 21-jährige Jenny, alles andere als einfach. Doch obwohl die aufsässige Jenny die alte Dame vor den Kopf stößt, wo sie nur kann, fördert Traude ihr Talent nach Kräften.</marc:subfield>
   </marc:datafield>
   <marc:datafield ind1="0" ind2=" " tag="490">
      <marc:subfield code="v">0</marc:subfield>
   </marc:datafield>
   <marc:datafield ind1=" " ind2=" " tag="300">
      <marc:subfield code="a">Broschüre zum Film</marc:subfield>
   </marc:datafield>
</marc:record>
